Toward a healthy marriage. (Record no. 14529)

000 -LEADER
fixed length control field 00563nam a2200181 a 4500
001 - CONTROL NUMBER
control field :::00012361$&:&@@
003 - CONTROL NUMBER IDENTIFIER
control field OkBaRHE
005 - DATE AND TIME OF LATEST TRANSACTION
control field 20000607103418.0
008 - FIXED-LENGTH DATA ELEMENTS--GENERAL INFORMATION
fixed length control field s1976 j 000 0 eng u
040 ## - CATALOGING SOURCE
Transcribing agency
100 1# - MAIN ENTRY--PERSONAL NAME
Personal name Harnik, Bernard.
245 10 - TITLE STATEMENT
Title Toward a healthy marriage.
260 ## - PUBLICATION, DISTRIBUTION, ETC. (IMPRINT)
Place of publication, distribution, etc Waco, TX., :
Name of publisher, distributor, etc Word Books
Date of publication, distribution, etc c1976
300 ## - PHYSICAL DESCRIPTION
Extent 166 p. : illus. ;
Dimensions 23 cm.
650 ## - SUBJECT ADDED ENTRY--TOPICAL TERM
Topical term or geographic name as entry element Marriage Counseling
942 ## - ADDED ENTRY ELEMENTS (KOHA)
Source of classification or shelving scheme
Koha item type Books
Copies
Barcode Damaged status Permanent Location Shelving location Copy number Date last seen Price effective from Source of classification or shelving scheme Withdrawn status Koha item type Current Location Lost status Date acquired Not for loan Full call number
12361 RHEMA Bible Training CollegeGeneral Stacks12010-04-142010-04-14  BooksRHEMA Bible Training College 2010-04-14 HQ 10 H33